<?xml version="1.0" encoding="UTF-8"?>
<record
    xmlns:xsi="http://www.w3.org/2001/XMLSchema-instance"
    xsi:schemaLocation="http://www.loc.gov/MARC21/slim http://www.loc.gov/standards/marcxml/schema/MARC21slim.xsd"
    xmlns="http://www.loc.gov/MARC21/slim">

  <leader>01033nam a2200265 i 4500</leader>
  <controlfield tag="001">53736</controlfield>
  <controlfield tag="003">ES-MaACL</controlfield>
  <controlfield tag="005">20250830233416.0</controlfield>
  <controlfield tag="007">t|</controlfield>
  <controlfield tag="008">960704s1866    sp           ||||1| spa d</controlfield>
  <datafield tag="080" ind1=" " ind2=" ">
    <subfield code="a">326(729.1)</subfield>
  </datafield>
  <datafield tag="080" ind1=" " ind2=" ">
    <subfield code="a">329(729.1)</subfield>
  </datafield>
  <datafield tag="080" ind1=" " ind2=" ">
    <subfield code="a">327(73:729.1)</subfield>
  </datafield>
  <datafield tag="080" ind1=" " ind2=" ">
    <subfield code="a">327(729.1:73)</subfield>
  </datafield>
  <datafield tag="100" ind1="1" ind2=" ">
    <subfield code="a">Fern&#xE1;ndez Golf&#xED;n, Luis, </subfield>
    <subfield code="d">1828-1897</subfield>
    <subfield code="9">49819</subfield>
  </datafield>
  <datafield tag="245" ind1="1" ind2="0">
    <subfield code="a">Breves apuntes sobre las cuestiones m&#xE1;s importantes de la isla de Cuba / </subfield>
    <subfield code="c">por el coronel de Caballer&#xED;a, teniente coronel del Cuerpo de E.M. del Ej&#xE9;rcito D. Luis Fern&#xE1;ndez Golf&#xED;n.</subfield>
  </datafield>
  <datafield tag="260" ind1=" " ind2=" ">
    <subfield code="a">Barcelona : </subfield>
    <subfield code="b">[s.n.], </subfield>
    <subfield code="c">1866 (</subfield>
    <subfield code="f">Estab. tip. del Lloyd espa&#xF1;ol)</subfield>
  </datafield>
  <datafield tag="300" ind1=" " ind2=" ">
    <subfield code="a">[8], 159 p. ; </subfield>
    <subfield code="c">20 cm.</subfield>
  </datafield>
  <datafield tag="650" ind1=" " ind2="4">
    <subfield code="a">Esclavitud-</subfield>
    <subfield code="z">Cuba.</subfield>
    <subfield code="9">138905</subfield>
  </datafield>
  <datafield tag="650" ind1=" " ind2="4">
    <subfield code="a">Partidos pol&#xED;ticos-</subfield>
    <subfield code="z">Cuba.</subfield>
    <subfield code="9">164315</subfield>
  </datafield>
  <datafield tag="651" ind1=" " ind2="4">
    <subfield code="a">Estados Unidos-</subfield>
    <subfield code="x">Relaciones-</subfield>
    <subfield code="z">Cuba</subfield>
    <subfield code="9">8562</subfield>
  </datafield>
  <datafield tag="651" ind1=" " ind2="4">
    <subfield code="a">Cuba-</subfield>
    <subfield code="x">Relaciones-</subfield>
    <subfield code="z">Estados Unidos.</subfield>
    <subfield code="9">8115</subfield>
  </datafield>
  <datafield tag="852" ind1="4" ind2=" ">
    <subfield code="a">ES-MaACL</subfield>
    <subfield code="j">T-616-F-1     </subfield>
    <subfield code="z">- Ded. aut&#xF3;grafa del autor a Eugenio Alonso y Sanjurjo</subfield>
  </datafield>
  <datafield tag="999" ind1=" " ind2=" ">
    <subfield code="c">53736</subfield>
    <subfield code="d">53736</subfield>
  </datafield>
  <datafield tag="952" ind1=" " ind2=" ">
    <subfield code="0">0</subfield>
    <subfield code="1">0</subfield>
    <subfield code="4">0</subfield>
    <subfield code="7">0</subfield>
    <subfield code="8">Colecci&#xF3;n_de_folletos</subfield>
    <subfield code="a">ATENEOM</subfield>
    <subfield code="b">ATENEOM</subfield>
    <subfield code="c">DEPOF</subfield>
    <subfield code="d">2008-01-17</subfield>
    <subfield code="e">SC</subfield>
    <subfield code="l">0</subfield>
    <subfield code="o">T-616-F-1</subfield>
    <subfield code="p">1056465</subfield>
    <subfield code="r">2023-02-23 00:00:00</subfield>
    <subfield code="w">2023-02-23</subfield>
    <subfield code="y">FOLLETOS</subfield>
  </datafield>
</record>
